[Event "3MCR_4D_2LB_4S"]
[Site "?"]
[Date "1999.??.??"]
[Round "4"]
[White "Prochazka, David"]
[Black "Chvojka, Jaroslav"]
[Result "1-0"]
[WhiteElo "1800"]
[BlackElo "2065"]
[PlyCount "83"]
[EventDate "1999.??.??"]
[EventType "corr"]

1. d4 Nf6 2. Nf3 e6 3. Bf4 Be7 4. c3 O-O 5. e3 Nh5 6. Bg3 d5 7. Be5 b6 8. Nbd2
f6 9. Bg3 Ba6 10. Bxa6 Nxa6 11. Bh4 g5 12. Bg3 g4 13. Ng1 f5 14. Ne2 Nxg3 15.
hxg3 c5 16. Nf4 Qd6 17. Qe2 Nc7 18. f3 gxf3 19. gxf3 Rf7 20. Nh5 Qc6 21. O-O-O
cxd4 22. exd4 b5 23. Kb1 b4 24. cxb4 Bxb4 25. Rc1 Qb5 26. Qe3 Rc8 27. Nb3 Bf8
28. Qe5 Bg7 29. Nxg7 Rxg7 30. Nc5 Rb8 31. b3 Rb6 32. Rh6 Qe8 33. g4 fxg4 34.
fxg4 Rg6 35. Nd7 Rxh6 36. Rxc7 Rb5 37. g5 Rg6 38. Nf6+ Rxf6 39. gxf6 Qg6+ 40.
Kc1 Qg1+ 41. Kb2 Qg2+ 42. Rc2 1-0

[Event "3MCR_4D_2LB_4S"]
[Site "?"]
[Date "1999.??.??"]
[Round "4"]
[White "Turner, Jan"]
[Black "Novak, Vaclav I"]
[Result "0-1"]
[WhiteElo "2200"]
[BlackElo "1800"]
[PlyCount "78"]
[EventDate "1999.??.??"]
[EventType "corr"]

1. g3 d5 2. Bg2 c6 3. Nf3 Nf6 4. O-O Bg4 5. b3 e6 6. Bb2 Nbd7 7. d3 Bd6 8. Nbd2
O-O 9. Qe1 e5 10. e4 Re8 11. h3 Bh5 12. Nh4 Bc5 13. Ndf3 dxe4 14. dxe4 Bxf3 15.
Nxf3 g6 16. Qe2 Nh5 17. Kh2 Qc7 18. Rad1 Rad8 19. h4 Nhf6 20. Bh3 Bd6 21. Nd2
b5 22. c4 b4 23. Rfe1 Nc5 24. f3 Qa5 25. Ra1 Bc7 26. Red1 Nd3 27. Nf1 Nxb2 28.
Qxb2 Bb6 29. Qe2 Qc5 30. Bg2 Kg7 31. Rxd8 Rxd8 32. Kh3 Qg1 33. a3 bxa3 34. b4
a5 35. c5 Bc7 36. bxa5 Qxc5 37. a6 Bb6 38. Nd2 Qc2 39. Rd1 a2 0-1

[Event "3MCR_4D_2LB_4S"]
[Site "?"]
[Date "1999.??.??"]
[Round "4"]
[White "Jirusek, Zdenek"]
[Black "Jirk, Ales"]
[Result "0-1"]
[WhiteElo "1990"]
[BlackElo "1800"]
[PlyCount "68"]
[EventDate "1999.??.??"]
[EventType "corr"]

1. e4 e6 2. d4 d5 3. Bd3 c5 4. c3 dxe4 5. Bxe4 Nf6 6. Bg5 Nbd7 7. Bf3 Be7 8.
Ne2 O-O 9. O-O cxd4 10. cxd4 h6 11. Be3 Nb6 12. Nbc3 Qd7 13. Rc1 Rd8 14. Re1
Nbd5 15. Qd3 b6 16. Nxd5 Nxd5 17. Nc3 Bb7 18. Qe2 Rac8 19. h3 Nf6 20. Nb5 Bxf3
21. gxf3 Nd5 22. Rxc8 Rxc8 23. Rc1 Rxc1+ 24. Bxc1 Bf6 25. Qc4 a6 26. Nc3 b5 27.
Qe2 Bxd4 28. Nxd5 exd5 29. Kg2 Qf5 30. b3 Bc3 31. f4 Qg6+ 32. Qg4 Qxg4+ 33.
hxg4 f5 34. f3 d4 0-1

[Event "3MCR_4D_2LB_4S"]
[Site "?"]
[Date "1999.??.??"]
[Round "4"]
[White "Pech, Jaroslav st"]
[Black "Jirusek, Zdenek"]
[Result "1-0"]
[WhiteElo "2000"]
[BlackElo "1990"]
[PlyCount "49"]
[EventDate "1999.??.??"]
[EventType "corr"]

1. c4 Nf6 2. Nf3 b6 3. g3 Bb7 4. Bg2 c5 5. O-O g6 6. Nc3 Bg7 7. d3 O-O 8. e4
Nc6 9. Rb1 d6 10. h3 Nd4 11. Nxd4 cxd4 12. Nd5 Nxd5 13. cxd5 e5 14. dxe6 fxe6
15. Bd2 Qd7 16. Qb3 Rac8 17. Rbc1 Rxc1 18. Rxc1 Rc8 19. Rxc8+ Bxc8 20. f4 Bb7
21. f5 d5 22. fxe6 Qxe6 23. exd5 Qf7 24. Qc4 Bf6 25. d6 1-0

[Event "3MCR_4D_2LB_4S"]
[Site "?"]
[Date "1999.??.??"]
[Round "4"]
[White "Zvolanek, Jan"]
[Black "Pech, Jaroslav st"]
[Result "0-1"]
[WhiteElo "1800"]
[BlackElo "2000"]
[PlyCount "80"]
[EventDate "1999.??.??"]
[EventType "corr"]

1. Nf3 d5 2. g3 c5 3. Bg2 Nc6 4. d4 cxd4 5. Nxd4 e5 6. Nxc6 bxc6 7. c4 Nf6 8.
cxd5 cxd5 9. Nc3 Be6 10. Bg5 d4 11. Bc6+ Bd7 12. Bxd7+ Qxd7 13. Bxf6 gxf6 14.
Ne4 Qc6 15. f3 f5 16. Rc1 Qa6 17. Nf6+ Ke7 18. Nd5+ Kd8 19. Qd2 Bh6 20. Qb4 Bf8
21. Qd2 Bh6 22. Qb4 Bf8 23. Qc4 Qxc4 24. Rxc4 Rb8 25. b3 Rb5 26. e4 fxe4 27.
fxe4 f5 28. Nc7 Ra5 29. Ne6+ Ke7 30. exf5 Rxa2 31. Ra4 Rxa4 32. bxa4 Bh6 33.
Ke2 Rb8 34. Kd3 Kd6 35. g4 Rb3+ 36. Ke2 Be3 37. Rf1 e4 38. Rd1 Rb2+ 39. Kf1
Rf2+ 40. Ke1 d3 0-1

[Event "3MCR_4D_2LB_4S"]
[Site "?"]
[Date "1999.??.??"]
[Round "4"]
[White "Dopita, Bedrich"]
[Black "Rachunek, Martin"]
[Result "0-1"]
[WhiteElo "1800"]
[BlackElo "2000"]
[PlyCount "60"]
[EventDate "1999.??.??"]
[EventType "corr"]

1. e4 e5 2. Bc4 Nf6 3. d3 Nc6 4. Nc3 Bc5 5. f4 d6 6. Nf3 a6 7. Rf1 exf4 8. Bxf4
Na5 9. Bb3 Nxb3 10. axb3 Be6 11. Qd2 h6 12. h3 O-O 13. g4 Re8 14. O-O-O d5 15.
e5 Nh7 16. Ne2 d4 17. Ng3 Qd5 18. Nf5 a5 19. Qe2 a4 20. Qe4 axb3 21. Qxd5 Bxd5
22. N5xd4 bxc2 23. Kxc2 Nf8 24. Nb3 Ne6 25. Bg3 Be3 26. Nbd2 Nd4+ 27. Nxd4 Bxd4
28. Nf3 Bxf3 29. Rxf3 Ra2 30. Bf2 Rxb2+ 0-1

[Event "3MCR_4D_2LB_4S"]
[Site "?"]
[Date "1999.??.??"]
[Round "4"]
[White "Chvojka, Jaroslav"]
[Black "Rachunek, Martin"]
[Result "1/2-1/2"]
[WhiteElo "2065"]
[BlackElo "2000"]
[PlyCount "104"]
[EventDate "1999.??.??"]
[EventType "corr"]

1. d4 Nf6 2. c4 e6 3. Nc3 Bb4 4. e3 O-O 5. Nge2 Re8 6. a3 Be7 7. Ng3 c5 8. dxc5
Bxc5 9. b4 Be7 10. e4 d6 11. Be2 a5 12. Rb1 Nc6 13. O-O b6 14. bxa5 bxa5 15.
Bg5 Ne5 16. Nb5 Ra6 17. Be3 Ned7 18. Rb2 Bb7 19. Qb1 Ba8 20. c5 Rc6 21. cxd6
Bxd6 22. Nxd6 Rxd6 23. Rc1 Rc6 24. Rd1 Qe7 25. a4 Rcc8 26. f3 Red8 27. Ba6 Rb8
28. Rxb8 Nxb8 29. Rxd8+ Qxd8 30. Bb5 Nc6 31. Qc1 Qd6 32. Bf4 Qd8 33. Bg5 Qb6+
34. Be3 Qc7 35. Bd4 Ne8 36. Bb2 Bb7 37. Qe3 Qd8 38. Qc5 Qd6 39. Qb6 Qc7 40. Qe3
Qd8 41. Qc5 Qd6 42. Qc3 Qd8 43. Nh5 f6 44. Qb3 Qd6 45. Bc4 Bc8 46. Kh1 Kh8 47.
Ng3 e5 48. Bd5 Bd7 49. h3 Qb4 50. Bc3 Qxb3 51. Bxb3 Nd6 52. Nf1 Nb7 1/2-1/2

[Event "3MCR_4D_2LB_4S"]
[Site "?"]
[Date "1999.??.??"]
[Round "4"]
[White "Rachunek, Martin"]
[Black "Prochazka, David"]
[Result "1/2-1/2"]
[WhiteElo "2000"]
[BlackElo "1800"]
[PlyCount "76"]
[EventDate "1999.??.??"]
[EventType "corr"]

1. d4 Nf6 2. Nf3 d6 3. Bf4 Bg4 4. Nbd2 Nbd7 5. c3 e6 6. h3 Bf5 7. e3 h6 8. Be2
Be7 9. O-O O-O 10. Qb3 Nb6 11. a4 a5 12. Nc4 Nxc4 13. Bxc4 d5 14. Be2 Ra7 15.
c4 Bb4 16. c5 Ne4 17. Rfc1 c6 18. Bd3 Bh7 19. Ne1 b6 20. Nc2 bxc5 21. Nxb4 Rb7
22. Bxe4 Bxe4 23. Nxc6 Rxb3 24. Nxd8 Rxd8 25. Rxc5 Rxb2 26. Rxa5 Bd3 27. Rc1
Rd7 28. Bc7 Ra2 29. Ra8+ Kh7 30. a5 Kg6 31. g4 f5 32. Kg2 fxg4 33. hxg4 Bc4 34.
Bd8 Rf7 35. Bh4 Be2 36. Kg3 Kh7 37. g5 Bh5 38. f4 Re2 1/2-1/2

[Event "3MCR_4D_2LB_4S"]
[Site "?"]
[Date "1999.??.??"]
[Round "4"]
[White "Dopita, Bedrich"]
[Black "Chvojka, Jaroslav"]
[Result "0-1"]
[WhiteElo "1800"]
[BlackElo "2065"]
[PlyCount "80"]
[EventDate "1999.??.??"]
[EventType "corr"]

1. e4 c6 2. d4 d5 3. e5 Bf5 4. g4 Bg6 5. Ne2 Be4 6. Rg1 e6 7. Nbc3 Bg6 8. Rh1
Bb4 9. h4 c5 10. h5 Be4 11. Rh3 cxd4 12. Nxd4 h6 13. Bd2 Bh7 14. a3 Bc5 15. Nb3
Be7 16. Be3 Nc6 17. f4 Bh4+ 18. Ke2 Be7 19. Qd2 f6 20. Nd4 Nxd4+ 21. Bxd4 fxe5
22. Bxe5 Nf6 23. Rg3 O-O 24. Bd4 Ne4 25. Nxe4 Bxe4 26. Bh3 Qd7 27. Rf1 Rac8 28.
Rc3 Rxc3 29. Bxc3 Bd6 30. Kd1 b6 31. Be5 Bxe5 32. fxe5 Bf3+ 33. Kc1 Qe7 34. Qf2
Rf7 35. Kb1 Be4 36. Qxf7+ Qxf7 37. Rxf7 Kxf7 38. Kc1 g6 39. Kd2 gxh5 40. gxh5
Bf3 0-1

[Event "3MCR_4D_2LB_4S"]
[Site "?"]
[Date "1999.??.??"]
[Round "4"]
[White "Pech, Jaroslav st"]
[Black "Prochazka, David"]
[Result "0-1"]
[WhiteElo "2000"]
[BlackElo "1800"]
[PlyCount "64"]
[EventDate "1999.??.??"]
[EventType "corr"]

1. e4 d6 2. d4 Nf6 3. Nc3 c6 4. f4 Qa5 5. Bd2 e5 6. Nd5 Qd8 7. Nxf6+ Qxf6 8.
dxe5 dxe5 9. Nf3 exf4 10. e5 Qg6 11. c3 Be6 12. Qa4 Nd7 13. Bxf4 Nc5 14. Qd4
Bxa2 15. Qf2 Rd8 16. Nd2 Be6 17. Be3 Qc2 18. Nf3 Qe4 19. Ng5 Qxe5 20. Nxe6 Qxe6
21. Rxa7 Qe4 22. Qf3 Qb1+ 23. Kf2 Qxb2+ 24. Be2 Bd6 25. Rd1 O-O 26. c4 Rde8 27.
Bd4 Ne4+ 28. Kg1 Bc5 29. Bxc5 Nxc5 30. Bf1 Qb6 31. Ra2 Ne4+ 32. Kh1 f5 0-1

[Event "3MCR_4D_2LB_4S"]
[Site "?"]
[Date "1999.??.??"]
[Round "4"]
[White "Zvolanek, Jan"]
[Black "Jirusek, Zdenek"]
[Result "1/2-1/2"]
[WhiteElo "1800"]
[BlackElo "1990"]
[PlyCount "78"]
[EventDate "1999.??.??"]
[EventType "corr"]

1. e4 e5 2. Bc4 Nf6 3. d4 exd4 4. Nf3 Nc6 5. O-O Nxe4 6. Re1 d5 7. Bxd5 Qxd5 8.
Nc3 Qa5 9. Nxe4 Be6 10. Bd2 Qh5 11. Bg5 Bd6 12. h3 h6 13. Bf6 O-O 14. Nxd6 cxd6
15. Bxd4 Rfe8 16. Bc3 d5 17. Re3 Qg6 18. Nd4 Qh7 19. Rg3 Nxd4 20. Qxd4 g6 21.
Re1 b6 22. Rge3 Rac8 23. f4 Rc4 24. Qf6 Rf8 25. Rg3 Rc6 26. f5 Bd7 27. Re6 Rxe6
28. fxe6 Bxe6 29. h4 h5 30. Rg5 Re8 31. g4 Bxg4 32. Rxd5 Qh6 33. Rg5 Be6 34. a4
Bg4 35. Qc6 Rd8 36. Bf6 Rd1+ 37. Kh2 Qf8 38. Re5 Bd7 39. Qe4 Qc8 1/2-1/2

[Event "3MCR_4D_2LB_4S"]
[Site "?"]
[Date "1999.??.??"]
[Round "4"]
[White "Prochazka, David"]
[Black "Lehovcova, Jana"]
[Result "1-0"]
[WhiteElo "1800"]
[BlackElo "1600"]
[PlyCount "77"]
[EventDate "1999.??.??"]
[EventType "corr"]

1. d4 d5 2. Nf3 Nf6 3. Bf4 e6 4. e3 a6 5. Bd3 c5 6. c3 c4 7. Bc2 Nbd7 8. Nbd2
Be7 9. O-O h6 10. b3 b5 11. bxc4 dxc4 12. a4 Bb7 13. axb5 axb5 14. Qb1 Rxa1 15.
Qxa1 O-O 16. Rb1 Bc6 17. Rb2 Nd5 18. Be4 N7f6 19. Ne5 Be8 20. Bxd5 Nxd5 21. Ra2
Nxf4 22. exf4 f6 23. Ng4 Qd6 24. Ra6 Qxf4 25. Rxe6 Bb4 26. Ne3 Bf7 27. Re4 Qd6
28. cxb4 Qxb4 29. Qd1 Rc8 30. Nf5 Kh7 31. Re7 Rf8 32. Ne4 Kg8 33. Ned6 c3 34.
h4 Qb3 35. Qg4 g5 36. Nxh6+ Kg7 37. Ndxf7 Qb1+ 38. Kh2 Ra8 39. Nxg5+ 1-0

[Event "3MCR_4D_2LB_4S"]
[Site "?"]
[Date "1999.??.??"]
[Round "4"]
[White "Lehovcova, Jana"]
[Black "Jirusek, Zdenek"]
[Result "1/2-1/2"]
[WhiteElo "1600"]
[BlackElo "1990"]
[PlyCount "70"]
[EventDate "1999.??.??"]
[EventType "corr"]

1. e4 e5 2. Nf3 Nc6 3. d4 exd4 4. Nxd4 Nf6 5. Nxc6 bxc6 6. Bd3 d5 7. Nc3 Bb4 8.
exd5 Qe7+ 9. Qe2 Nxd5 10. Qxe7+ Kxe7 11. Bd2 Rb8 12. Nxd5+ cxd5 13. Bxb4+ Rxb4
14. O-O-O c5 15. Rhe1+ Kf6 16. a3 Rb6 17. Re3 g6 18. c3 Be6 19. b4 cxb4 20.
cxb4 Rc8+ 21. Kb2 d4 22. Re4 Rc3 23. Rxd4 Rb3+ 24. Kc2 Rxa3 25. Rf4+ Kg7 26.
Kd2 Ra2+ 27. Ke3 Bd5 28. Bxg6 Re6+ 29. Be4 Bxe4 30. Rxe4 Rxe4+ 31. Kxe4 Rxf2
32. Rg1 Rb2 33. Kf3 Rxb4 34. Ra1 Rb7 35. Ra6 f6 1/2-1/2

[Event "3MCR_4D_2LB_4S"]
[Site "?"]
[Date "1999.??.??"]
[Round "4"]
[White "Turner, Jan"]
[Black "Jirusek, Zdenek"]
[Result "1/2-1/2"]
[WhiteElo "2200"]
[BlackElo "1990"]
[PlyCount "78"]
[EventDate "1999.??.??"]
[EventType "corr"]

1. g3 Nf6 2. Bg2 d5 3. Nf3 e6 4. O-O Be7 5. d3 Nc6 6. Nbd2 O-O 7. e4 e5 8. Re1
dxe4 9. dxe4 Be6 10. h3 Qc8 11. Kh2 Qd7 12. Qe2 Bc5 13. c3 Rad8 14. b4 Bd6 15.
Nc4 Bxc4 16. Qxc4 a5 17. a3 axb4 18. axb4 h6 19. Nd2 Ra8 20. Rxa8 Rxa8 21. Qd3
Ra2 22. Re2 Be7 23. Qb1 Qe6 24. Bf3 Ra8 25. Nf1 Rd8 26. Rd2 Na7 27. Rxd8+ Bxd8
28. Qd3 Qd6 29. Be2 Qxd3 30. Bxd3 c6 31. Be3 Nc8 32. Nd2 Bb6 33. Nc4 Bxe3 34.
Nxe3 Nd6 35. f3 Kf8 36. Kg2 Ke7 37. Kf2 h5 38. Nc4 Nxc4 39. Bxc4 Nd7 1/2-1/2

[Event "3MCR_4D_2LB_4S"]
[Site "?"]
[Date "1999.??.??"]
[Round "4"]
[White "Pech, Jaroslav st"]
[Black "Jech, Milos"]
[Result "1-0"]
[WhiteElo "2000"]
[BlackElo "1800"]
[PlyCount "79"]
[EventDate "1999.??.??"]
[EventType "corr"]

1. e4 c5 2. Nf3 e6 3. d4 cxd4 4. Nxd4 Nf6 5. Nc3 d6 6. g4 a6 7. g5 Nfd7 8. Be3
Be7 9. f4 Qc7 10. Bh3 Nc6 11. Bxe6 O-O 12. Nd5 Qd8 13. Nxe7+ Qxe7 14. Bd5 Nxd4
15. Qxd4 Nc5 16. f5 Re8 17. f6 Qe5 18. Qxe5 Rxe5 19. Bd4 Rxg5 20. fxg7 Nxe4 21.
Bxe4 Rg4 22. Bxh7+ Kxh7 23. O-O-O Rg2 24. Rhg1 Rxg1 25. Rxg1 Bf5 26. Rg5 Bg6
27. h4 Kg8 28. h5 Bh7 29. h6 Re8 30. Kd2 Re6 31. Rh5 f5 32. Rh4 Rg6 33. Rh2 Rg4
34. c3 f4 35. a4 Be4 36. Bf2 Kh7 37. c4 d5 38. c5 f3 39. Ke3 Rg2 40. Rh4 1-0

[Event "3MCR_4D_2LB_4S"]
[Site "?"]
[Date "1999.??.??"]
[Round "4"]
[White "Rachunek, Martin"]
[Black "Pech, Jaroslav st"]
[Result "1-0"]
[WhiteElo "2000"]
[BlackElo "2000"]
[PlyCount "77"]
[EventDate "1999.??.??"]
[EventType "corr"]

1. d4 d5 2. Nc3 Nf6 3. Bg5 Nbd7 4. f3 c6 5. e4 dxe4 6. fxe4 e5 7. dxe5 Qa5 8.
Bxf6 gxf6 9. Qf3 Qxe5 10. O-O-O Bb4 11. Bc4 Bxc3 12. Qxc3 Qxc3 13. bxc3 Ne5 14.
Be2 Be6 15. Kb1 Rg8 16. g3 Rd8 17. Nf3 b6 18. Nd4 c5 19. Nf5 Rxd1+ 20. Rxd1
Bxf5 21. exf5 Ke7 22. Rf1 Rd8 23. Kc1 Rd5 24. Rf4 Kf8 25. h3 Kg7 26. Ra4 a5 27.
Rh4 Nd7 28. Rf4 Kf8 29. Bb5 Ne5 30. a3 Rd8 31. Be2 Ke7 32. Rh4 Rg8 33. g4 Rg7
34. Rh6 Nd7 35. Kd2 Ne5 36. Bb5 Nf3+ 37. Ke2 Ne5 38. a4 c4 39. Kd2 1-0

[Event "3MCR_4D_2LB_4S"]
[Site "?"]
[Date "1999.??.??"]
[Round "4"]
[White "Chvojka, Jaroslav"]
[Black "Novak, Vaclav I"]
[Result "0-1"]
[WhiteElo "2065"]
[BlackElo "1800"]
[PlyCount "134"]
[EventDate "1999.??.??"]
[EventType "corr"]

1. d4 d5 2. c4 e6 3. Nc3 c6 4. Bf4 Nf6 5. e3 Bb4 6. Bd3 dxc4 7. Bxc4 Nd5 8.
Nge2 Nxf4 9. Nxf4 O-O 10. O-O Bd6 11. Nh5 Nd7 12. Qf3 Nb6 13. Bb3 f5 14. e4
fxe4 15. Qg4 Qc7 16. Nxe4 Bxh2+ 17. Kh1 Bf4 18. Nc5 Bh6 19. Bxe6+ Kh8 20. Bxc8
Raxc8 21. Ne6 Qd7 22. Rae1 Nd5 23. a3 g6 24. Ng3 Nf4 25. Re4 Bg7 26. Rxf4 Rxf4
27. Qxf4 Qxe6 28. Rd1 Qd5 29. Rd2 Rf8 30. Qe3 Rd8 31. Ne2 Qf7 32. Kg1 Re8 33.
Qc3 Qd5 34. Qb4 Qf5 35. Qb3 Bxd4 36. Rxd4 Rxe2 37. Qg3 Re1+ 38. Kh2 Qh5+ 39.
Rh4 Qe5 40. Qxe5+ Rxe5 41. f3 Kg7 42. Rb4 b6 43. Ra4 a5 44. Rc4 c5 45. Rc2 Rd5
46. Re2 Kf6 47. Kg3 h5 48. Rf2 b5 49. Kf4 a4 50. Rc2 g5+ 51. Ke3 Kf5 52. Ke2 c4
53. Kf2 Rd3 54. Re2 h4 55. Kf1 Rb3 56. Rd2 Kf4 57. Kf2 c3 58. bxc3 Rxa3 59.
Rd4+ Ke5 60. Rg4 Kf6 61. f4 Rxc3 62. fxg5+ Kg6 63. Rxh4 a3 64. Rh6+ Kxg5 65.
Rb6 Rb3 66. Ra6 b4 67. g3 Rb2+ 0-1

[Event "3MCR_4D_2LB_4S"]
[Site "?"]
[Date "1999.??.??"]
[Round "4"]
[White "Chvojka, Jaroslav"]
[Black "Jirusek, Zdenek"]
[Result "1-0"]
[WhiteElo "2065"]
[BlackElo "1990"]
[PlyCount "97"]
[EventDate "1999.??.??"]
[EventType "corr"]

1. d4 Nf6 2. c4 e5 3. dxe5 Ng4 4. Nf3 Nc6 5. Bf4 Bb4+ 6. Nbd2 Qe7 7. a3 Ngxe5
8. Nxe5 Nxe5 9. e3 Bxd2+ 10. Qxd2 d6 11. Be2 O-O 12. O-O Re8 13. Qd5 Be6 14.
Qxb7 Nxc4 15. Rac1 Reb8 16. Qc6 Nxb2 17. Qxc7 Qxc7 18. Rxc7 d5 19. Rb1 Bf5 20.
Rbc1 Rc8 21. R1c5 Rxc7 22. Bxc7 Be6 23. h4 Na4 24. Ra5 Nc3 25. Bf1 f6 26. Bd3
Kf7 27. Bb6 a6 28. Bd4 Ne4 29. Rxa6 Rxa6 30. Bxa6 Bd7 31. Bd3 g6 32. Bc2 Ke6
33. a4 Nd2 34. a5 Bb5 35. h5 f5 36. hxg6 hxg6 37. Bc3 Ne4 38. Bb4 g5 39. f3 Ng3
40. Kf2 Ne2 41. g4 fxg4 42. fxg4 Nc1 43. Bf5+ Kf7 44. Bc3 Ba6 45. e4 dxe4 46.
Bxe4 Nd3+ 47. Ke3 Nf4 48. Be5 Ng6 49. Bc7 1-0

[Event "3MCR_4D_2LB_4S"]
[Site "?"]
[Date "1999.??.??"]
[Round "4"]
[White "Dopita, Bedrich"]
[Black "Pech, Jaroslav st"]
[Result "1/2-1/2"]
[WhiteElo "1800"]
[BlackElo "2000"]
[PlyCount "63"]
[EventDate "1999.??.??"]
[EventType "corr"]

1. e4 c5 2. Nf3 e6 3. c3 Nf6 4. e5 Nd5 5. d4 cxd4 6. cxd4 Nc6 7. Nc3 Nxc3 8.
bxc3 d5 9. exd6 Bxd6 10. Bd3 O-O 11. O-O Qc7 12. h3 b6 13. Bb2 Bb7 14. Qe2 Ne7
15. c4 Rac8 16. Rac1 Rfd8 17. Rfd1 Qd7 18. Ne5 Qc7 19. d5 exd5 20. cxd5 Bc5 21.
Qg4 Nxd5 22. Qf5 Nf6 23. Ng4 Qg3 24. Nxf6+ gxf6 25. Qxh7+ Kf8 26. Qh6+ Qg7 27.
Qxg7+ Kxg7 28. Be2 Rxd1+ 29. Rxd1 Re8 30. Bb5 Re4 31. Bc3 a6 32. Bd3 1/2-1/2

[Event "3MCR_4D_2LB_4S"]
[Site "?"]
[Date "1999.??.??"]
[Round "4"]
[White "Novak, Vaclav I"]
[Black "Jirk, Ales"]
[Result "0-1"]
[WhiteElo "1800"]
[BlackElo "1800"]
[PlyCount "82"]
[EventDate "1999.??.??"]
[EventType "corr"]

1. e4 e6 2. d4 d5 3. e5 c5 4. c3 Bd7 5. Nf3 Nc6 6. a3 f6 7. Bd3 Qc7 8. O-O c4
9. Bc2 O-O-O 10. Re1 h6 11. Nh4 Nge7 12. f4 fxe5 13. fxe5 g5 14. Ng6 Nxg6 15.
Bxg6 Bg7 16. b3 cxb3 17. Qxb3 Kb8 18. Nd2 Na5 19. Qc2 Rc8 20. Bb2 Bb5 21. a4
Ba6 22. Rab1 h5 23. Ba3 Bf8 24. Bxf8 Rcxf8 25. Bd3 Bxd3 26. Qxd3 Ka8 27. Rbc1
g4 28. c4 Rc8 29. Rc3 dxc4 30. Nxc4 Nxc4 31. Rec1 Qd7 32. Rxc4 Rxc4 33. Rxc4
Kb8 34. Qa3 Qd5 35. Qb4 a6 36. g3 Qe4 37. Qd6+ Ka8 38. Qxe6 Qe1+ 39. Kg2 Ka7
40. Qf7 h4 41. gxh4 Rxh4 0-1

[Event "3MCR_4D_2LB_4S"]
[Site "?"]
[Date "1999.??.??"]
[Round "4"]
[White "Rachunek, Martin"]
[Black "Jirk, Ales"]
[Result "0-1"]
[WhiteElo "2000"]
[BlackElo "1800"]
[PlyCount "94"]
[EventDate "1999.??.??"]
[EventType "corr"]

1. d4 Nf6 2. Bg5 c5 3. Bxf6 gxf6 4. dxc5 Na6 5. Nc3 Nxc5 6. e3 Bg7 7. Bc4 d6 8.
Nf3 f5 9. Nd4 e6 10. O-O d5 11. Bb5+ Bd7 12. Qe2 O-O 13. Bxd7 Nxd7 14. Rab1 Kh8
15. Rbd1 Qb6 16. Na4 Qa5 17. Nc3 a6 18. a3 Rac8 19. Nb1 Qb6 20. c3 Rg8 21. Rd2
Nf6 22. Rfd1 Qc7 23. g3 Bh6 24. Rd3 Ne4 25. Re1 Rg6 26. Rdd1 f4 27. exf4 Bxf4
28. Nf3 Qb6 29. Kf1 Bb8 30. Kg2 f5 31. Rd3 f4 32. Nh4 Rg7 33. Nd2 Nc5 34. Rf3
e5 35. b4 Ne6 36. Nf5 Rf7 37. Nh6 Rff8 38. h4 Ng7 39. Ng4 e4 40. Nxe4 dxe4 41.
Qxe4 Rce8 42. Qb1 Rxe1 43. Qxe1 Qc6 44. Qe7 Bd6 45. Qe2 Nf5 46. Kg1 Bc7 47. Ne5
Qd5 0-1

[Event "3MCR_4D_2LB_4S"]
[Site "?"]
[Date "1999.??.??"]
[Round "4"]
[White "Rachunek, Martin"]
[Black "Novak, Vaclav I"]
[Result "1/2-1/2"]
[WhiteElo "2000"]
[BlackElo "1800"]
[PlyCount "87"]
[EventDate "1999.??.??"]
[EventType "corr"]

1. d4 d5 2. Nf3 e6 3. e3 Nf6 4. Bd3 c5 5. c3 Nc6 6. O-O Bd6 7. Nbd2 O-O 8. dxc5
Bxc5 9. e4 Bb6 10. Qe2 Qc7 11. Nb3 dxe4 12. Bxe4 Nxe4 13. Qxe4 f5 14. Qf4 e5
15. Qc4+ Qf7 16. Qxf7+ Rxf7 17. Be3 Bc7 18. Rad1 b6 19. h3 e4 20. Nfd4 Ne5 21.
Nb5 Ba6 22. Rd5 Re8 23. Nxc7 Rxc7 24. Rb1 Rf7 25. Bf4 Nd3 26. g3 Bc4 27. Rd4
Nxf4 28. gxf4 Rc7 29. Rbd1 g6 30. Nc1 Rec8 31. Kg2 Kg7 32. b3 Bb5 33. c4 Bc6
34. a4 Re7 35. Rd6 Kf7 36. Ne2 Re6 37. R6d4 Rce8 38. Kf1 e3 39. Rd6 exf2 40.
Rxe6 Rxe6 41. Kxf2 Re8 42. Rd6 Be4 43. Nc3 Bc2 44. Nd5 1/2-1/2

[Event "3MCR_4D_2LB_4S"]
[Site "?"]
[Date "1999.??.??"]
[Round "4"]
[White "Dopita, Bedrich"]
[Black "Turner, Jan"]
[Result "1/2-1/2"]
[WhiteElo "1800"]
[BlackElo "2200"]
[PlyCount "74"]
[EventDate "1999.??.??"]
[EventType "corr"]

1. e4 Nf6 2. e5 Nd5 3. d4 d6 4. Nf3 g6 5. exd6 cxd6 6. c4 Nb6 7. Be2 Bg7 8. O-O
O-O 9. h3 Nc6 10. Nc3 Bf5 11. Be3 d5 12. c5 Nc4 13. Bxc4 dxc4 14. Qa4 Bd3 15.
Rfd1 e5 16. d5 Ne7 17. d6 Nf5 18. Ne1 Nxe3 19. fxe3 b6 20. Nxd3 cxd3 21. Rxd3
bxc5 22. Ne4 Rb8 23. Rb1 Rb4 24. Qc6 Qb6 25. Qd5 c4 26. Rc3 Rd8 27. Rxc4 Rb5
28. Qc6 Qxe3+ 29. Kh1 Qd3 30. Qxb5 Qxb1+ 31. Kh2 Qd3 32. Qc6 Bh6 33. Nf6+ Kg7
34. Nd5 e4 35. Rxe4 Rxd6 36. Qxd6 Qxe4 37. Qf6+ Kg8 1/2-1/2

[Event "3MCR_4D_2LB_4S"]
[Site "?"]
[Date "1999.??.??"]
[Round "4"]
[White "Jirusek, Zdenek"]
[Black "Dopita, Bedrich"]
[Result "1-0"]
[WhiteElo "1990"]
[BlackElo "1800"]
[PlyCount "65"]
[EventDate "1999.??.??"]
[EventType "corr"]

1. e4 e5 2. Nf3 Nf6 3. Nc3 Nc6 4. d4 Bb4 5. Nxe5 Qe7 6. Qd3 Nxd4 7. Qxd4 Bc5 8.
Qd3 Qxe5 9. Be2 O-O 10. O-O Re8 11. Bf3 d6 12. Bd2 Bd7 13. Rad1 Ng4 14. g3 Qh5
15. h4 Qg6 16. Bf4 Ne5 17. Bxe5 Rxe5 18. Bg2 f5 19. b4 Bb6 20. a4 a6 21. a5 Ba7
22. Qc4+ Be6 23. Qxc7 Rc8 24. Qxd6 Bb8 25. Qd4 f4 26. Ne2 Rb5 27. c3 Bc4 28.
Bh3 Be6 29. Bxe6+ Qxe6 30. Qd7 Qxd7 31. Rxd7 Rf8 32. Rfd1 fxg3 33. Nxg3 1-0

[Event "3MCR_4D_2LB_4S"]
[Site "?"]
[Date "1999.??.??"]
[Round "4"]
[White "Jech, Milos"]
[Black "Lehovcova, Jana"]
[Result "1-0"]
[WhiteElo "1800"]
[BlackElo "1600"]
[PlyCount "104"]
[EventDate "1999.??.??"]
[EventType "corr"]

1. e4 c5 2. Nf3 d6 3. d4 cxd4 4. Nxd4 Nf6 5. Nc3 a6 6. Bg5 e6 7. Qd2 h6 8. Bxf6
Qxf6 9. O-O-O Nc6 10. Qe3 Nxd4 11. Rxd4 Be7 12. g4 g5 13. Bg2 O-O 14. Kb1 Qe5
15. h4 gxh4 16. Ne2 Qg5 17. f4 Qg7 18. Bf3 e5 19. Rdd1 Rb8 20. Rdg1 exf4 21.
Nxf4 Bg5 22. Qa7 Be6 23. Nh5 Qe5 24. Rd1 Qa5 25. a3 Qc5 26. Qxc5 dxc5 27. e5
Rfc8 28. Nf6+ Kg7 29. Nd7 Bxd7 30. Rxd7 b5 31. e6 Rf8 32. Rf1 Bf6 33. e7 Rfe8
34. Bd5 Rb6 35. Re1 Bg5 36. c3 h5 37. gxh5 Rh6 38. Rg1 f6 39. Ra7 Rxh5 40. Bc6
Rhh8 41. Bxe8 Rxe8 42. Rxa6 Rxe7 43. Rb6 Kh6 44. Rh1 Kh5 45. Rxb5 Rc7 46. b4
cxb4 47. cxb4 Kg4 48. Rd5 Rh7 49. Rd4+ Kf3 50. Rd3+ Kg4 51. Rg1+ Kf4 52. Rh3 f5
1-0

[Event "3MCR_4D_2LB_4S"]
[Site "?"]
[Date "1999.??.??"]
[Round "4"]
[White "Pech, Jaroslav st"]
[Black "Novak, Vaclav I"]
[Result "1/2-1/2"]
[WhiteElo "2000"]
[BlackElo "1800"]
[PlyCount "84"]
[EventDate "1999.??.??"]
[EventType "corr"]

1. e4 e5 2. Nf3 Nc6 3. Bb5 a6 4. Ba4 Nf6 5. Qe2 b5 6. Bb3 Be7 7. a4 b4 8. a5
Bb7 9. O-O O-O 10. d3 Bc5 11. Bg5 h6 12. Bh4 d6 13. Nbd2 g5 14. Bg3 Qd7 15. Bc4
Nh5 16. Nb3 Ba7 17. Kh1 Qg4 18. Ng1 Qxe2 19. Nxe2 Rae8 20. f3 Nxg3+ 21. Nxg3
Ne7 22. Nh5 Rd8 23. Ra4 c5 24. Raa1 Kh7 25. Nf6+ Kg6 26. Nd5 Nxd5 27. Bxd5 Bxd5
28. exd5 f5 29. Rfe1 h5 30. Re2 Bb8 31. Kg1 g4 32. Kf2 f4 33. c4 bxc3 34. bxc3
Bc7 35. Rb1 Kf5 36. Reb2 Rb8 37. Ke2 h4 38. fxg4+ Kxg4 39. Nd2 Rxb2 40. Rxb2
Rb8 41. Rxb8 Bxb8 42. h3+ Kf5 1/2-1/2